00337 a2200121 450000100060000010000130000624500320001926000210005109000170007294200230008999900190011295200840013152216 aScott J aMan Who Loved the Normandie aLondonbGrandac c32879d32879 aNUST-CAEcMc25423 c287289d287289 001040708NFICaCAEbCAEd2017-04-03l0pCAE30988r2017-04-05w2017-04-05yBK